000 02888nam a2200277Ia 4500
003 PE SENCICO BE
005 20260226202124.0
008 200515s9999 xx 000 0 und d
020 _a970 101 296 8
040 _aPE SENCICO BE
_cPE SENCICO BE
041 _aspa
082 _a530
_bS42 1997
100 1 _aSerway, Raymond A.
_9136
_eautor
245 1 0 _aFísica /
_cRaymond A. Serway; traductor: Gabriel Nagore Cázares; revisor: Eduardo Cruz
250 _a4a ed.
260 _aBogotá :
_bMc Graw Hill ;
_c1997
300 _atomos :
_bilustraciones, tablas, diagramas ;
_c27 cm. x 21 cm.
505 0 _aTomo I:-- PARTE I: MECANICA-- Física y medición—Movimiento en una dimensión— Vectores— Movimiento en dos direcciones— Las leyes del movimiento— Movimiento circular y otras aplicaciones de las leyes de Newton— Trabajo y energía— Energía potencial y conservación de la energía— Momento lineal y choques— Rotación de un cuerpo rígido alrededor de un eje fijo— Movimiento de rodamiento, momento angular y momento de torsión— Equilibrio estático y elasticidad—Movimiento oscilatorio—La ley de la gravedad— Mecánica de fluidos— PARTE II: ONDAS MECANICAS-- Movimiento ondulatorio— Ondas sonoras— Superposición y ondas estacionarias— PARTE III: TERMODINAMICA-- Temperatura— Calor y la primera ley de termodinámica— La teoría cinética de los gases— Máquinas térmicas, entropía y la segunda ley de la termodinámica. tomo II:-- PARTE IV: ELECTRICIDAD Y MAGNETISMO-- Campos eléctricos— Ley de Gauss—Potencial eléctrico— Capacitancia y dieléctricos— Corriente y resistencia— Circuitos de corriente continua—Campos magnéticos— Fuentes de campos magnéticos— Ley de Faraday— Inductancia—Circuitos de corriente alterna— Ondas electromagnéticas-- PARTE V: LUZ Y OPTICA-- La naturaleza de la luz y las leyes de la óptica geométrica— Óptica geométrica— Interferencia de ondas luminosas—Difracción y polarización-- PARTE VI: FISICA MODERNA-- Relatividad— Introducción a la física cuántica—Mecánica cuántica— Física atómica— Moléculas y sólidos— Superconductividad— Estructura nuclear— Fisión y fusión—Física de partículas y cosmología.
520 3 _aBrinda una presentación clara y lógica de los conceptos y principios básicos de la física, y refuerza la comprensión de los conceptos y principios por medio de una amplia gama de interesantes aplicaciones en el mundo real. Al mismo tiempo se motiva al estudiante con ejemplos prácticos que muestren el papel de la física en disciplinas como la ingeniería, la química y la medicina.
650 1 0 _aFísica
_9280
650 2 0 _aElectricidad
_9467
650 2 0 _aTermodinámica
_9259
700 1 _aNagore Cázares, Gabriel
_etraductor
700 1 _aCruz, Eduardo
_9138
_erevisor
942 _cLIB
_2ddc
999 _c406
_d406